Tiếng Anh căn bản trong đàm phán thương mại

Αποθηκεύτηκε σε:
Λεπτομέρειες βιβλιογραφικής εγγραφής
Μορφή: Βιβλίο
Έκδοση: Nxb Tp.HCM 2003
Ετικέτες: Προσθήκη ετικέτας
Δεν υπάρχουν, Καταχωρήστε ετικέτα πρώτοι!
Thư viện lưu trữ: Mạng thư viện Đại học Đà Nẵng
LEADER 00791nam a2200241 a 4500
001 000041531
003 18505
005 20171030155812.0
008 171030s2003
020 |c 26000 
040 |a LNN 
082 0 |a 428.3  |b Ti-A 
245 0 0 |a Tiếng Anh căn bản trong đàm phán thương mại  |c Nguyễn Thành Yến biên dịch. 
260 |b Nxb Tp.HCM  |c 2003 
OWN |a LNN 
AVA |a UDN50  |b LNN  |d 428.3 Ti-A  |e available  |t Error 5001 Not defined in file expand_doc_bib_avail.  |f 5  |g 0  |h N  |i 0  |k 1 
999 |a From the UDN01 
AVA |a UDN50  |b LNN  |d 428.3 Ti-A  |e available  |t Error 5001 Not defined in file expand_doc_bib_avail.  |f 5  |g 0  |h N  |i 0  |k 1 
TYP |a Monograph 
TYP |a Printed language 
980 |a Mạng thư viện Đại học Đà Nẵng